000 00547nam a2200109Ia 4500
008 171212s9999 xx 000 0 und d
100 _aSontag-Padilla, Lisa;Roth, Elizabeth;Woodbridge, Michelle W.;Kase, Courtney Ann;Osilla, Karen Chan
245 _cSontag-Padilla, Lisa;Roth, Elizabeth;Woodbridge, Michelle W.;Kase, Courtney Ann;Osilla, Karen Chan
_aCalMHSA Student Mental Health Campus-Wide Survey
_b2013 Summary Report
260 _bRAND Corporation
_c2014
650 _aHealth Sciences
856 _uhttp://www.jstor.org/stable/10.7249/j.ctt14bs489
999 _c351828
_d351828